000 00865nas a2200277 4500
001 BR2014006830
003 BR-BrBNA
005 20231205124652.0
007 ta
008 230509b bl.|||p| |||| 00| 00por d
040 _aBR-BrBNA
_bpor
_cBiblioteca Nacional de Agricultura
041 _a(Pt)
072 _aL73
100 1 _aAguiar, D.M.
100 1 _aRibeiro, M.G.
100 1 _aBrito, A.F.
100 1 _aPessoa, V.M.
245 1 _aSoroaglutinação, sêmen plasma aglutinação e exame andrológico no diagnóstico da brucelose em machos bovinos
650 _aBOVINO
650 _aDOENÇA ANIMAL
650 _aBRUCELOSE
650 _aSANIDADE ANIMAL
773 0 _tArquivos do Instituto Biológico (Brazil)
_xISSN 0020-3653
_g(Jul-Dec 2001), v. 68(2) p. 103-105
_wBR2014006830
909 _a202311
_bLúcia
_c55
_dLúcia Elande
942 _2AGRIS
_n0
_cANA
999 _c240284
_d240284